000 00535nam a2200181Ia 4500
003 IN-BaIIA
008 211028s9999 xx 000 0 eng d
020 _a81-7371-470-3
040 _cIIA Library
080 _a523.07
_bSIV
100 _aSivaram, C.
_919412
245 0 _aIntroduction to astrobiology
_cC. Sivaram and Ajay Sastry
260 _aHyderabad
_bUniversities Press
_c2004
300 _ax, 149p.
650 _aLife - origin
_923966
650 _aSolar system
942 _cBK
999 _c15569
_d15569